| 000 | 00448nam a2200157 4500 | ||
|---|---|---|---|
| 001 | 44708 | ||
| 090 | _a44708 | ||
| 100 | _a20250902 pory50 | ||
| 101 | _apor | ||
| 102 | _aPT | ||
| 200 |
_aO meu primeiro livro _fAlunos do Ensino Primário das Escolas Alcácer do Sal n.º 1 ... [et al] |
||
| 210 |
_a Alcácer do Sal _cCentro de Apoio Pedagógico de Alcácer do Sal _d[1986] |
||
| 215 | _a1 v. | ||
| 675 | _a82-93 | ||
| 801 |
_aPT _gRPC |
||
| 990 | _cLIVROS | ||